Surinam : (Record no. 2814)
[ view plain ]
| 000 -LEADER | |
|---|---|
| fixed length control field | 00913nam a2200253 a 4500 |
| 001 - CONTROL NUMBER | |
| control field | 2814 |
| 003 - CONTROL NUMBER IDENTIFIER | |
| rucl marc code | BD-RjUL |
| 005 - DATE AND TIME OF LATEST TRANSACTION | |
| control field | 20211208233626.0 |
| 008 - FIXED-LENGTH DATA ELEMENTS--GENERAL INFORMATION | |
| fixed length control field | 131217s1952 us 001 0 eng d |
| 035 ## - SYSTEM CONTROL NUMBER | |
| System control number | CURL 020000310653(Edi) from gmsc245 |
| -- | (BD-RjUL)2841 |
| 040 ## - CATALOGING SOURCE | |
| Original cataloging agency | BD-RjUL |
| Language of cataloging | eng |
| Transcribing agency | BD-RjUL |
| 041 ## - LANGUAGE CODE | |
| Language code of text/sound track or separate title | eng |
| 082 ## - DEWEY DECIMAL CLASSIFICATION NUMBER | |
| Edition number | 330.9883 |
| Author mark and year | WOS |
| 110 2# - MAIN ENTRY--CORPORATE NAME | |
| Corporate name or jurisdiction name as entry element | World Bank. |
| 9 (RLIN) | 6092 |
| 245 10 - TITLE STATEMENT | |
| Title | Surinam : |
| Remainder of title | recommendations for a ten year development program : report of a mission / |
| Statement of responsibility, etc. | organized by the International Bank for Reconstruction and Development at the request of the Governments of the Netherlands and of Surinam |
| 260 ## - PUBLICATION, DISTRIBUTION, ETC. (IMPRINT) | |
| Place of publication, distribution, etc. | Baltimore : |
| Name of publisher, distributor, etc. | Johns Hopkins University Press, |
| Date of publication, distribution, etc. | 1952 |
| 300 ## - PHYSICAL DESCRIPTION | |
| Pagination | xxvi, 271 p. : |
| Illustrations | map ; |
| Size | 23 cm |
| 504 ## - BIBLIOGRAPHY, ETC. NOTE | |
| Bibliography, etc | Includes index |
| 651 #0 - SUBJECT ADDED ENTRY--GEOGRAPHIC NAME | |
| Geographic name | Suriname |
| General subdivision | Economic policy |
| 9 (RLIN) | 9030 |
| 700 1# - ADDED ENTRY--PERSONAL NAME | |
| Personal name | Demuth, Richard H. |
| 942 ## - ADDED ENTRY ELEMENTS (KOHA) | |
| Source of classification or shelving scheme | Dewey Decimal Classification |
| Koha item type | Books |
| Lost status | Source of classification or shelving scheme | Damaged status | Not for loan | Collection code | Permanent Location | Current Location | Shelving location | Date acquired | Source of acquisition | Cost, normal purchase price | Total Checkouts | Full call number | Date last seen | Copy number | Koha item type |
|---|---|---|---|---|---|---|---|---|---|---|---|---|---|---|---|
| Dewey Decimal Classification | Not For Loan | Non-fiction | Central Library, University of Rajshahi | Central Library, University of Rajshahi | 11/04/1956 | B.H.Black well | 2.00 | 330.9883 WOS 1952 | 17/12/2013 | C-1 | Books | ||||
| Dewey Decimal Classification | Non-fiction | Central Library, University of Rajshahi | Central Library, University of Rajshahi | 09/08/1955 | O.U.P. | 20.00 | 330.9883 SUR 1952 | 17/12/2013 | C-2 | Books |